000 00352nam a2200169Ia 4500
100 _aGardner/Floyd M
250 _a3
942 _cBK
366 _f20
654 _aphaselock
245 _aPhaselock techniques
260 _bMilan Book Supplier
_aMumbai
_c2005
082 _a621.381/GAR
_bGAR
300 _a425
546 _aENGLISH
999 _c34189
_d34189